Aneka amalan manfaat selepas mati

Bibliographic Details
Other Authors: Abdullah Al-Qari bin Haji Salleh
Format: Book
Published: Kuala Lumpur : Dinie Publisher , 1994
Subjects:

MARC

LEADER 00000cam a2200000 7i4500
001 0000009229
002 000010049
005 20000330.0
020 |a 9839601695 
090 0 0 |a 297.23   |b ANE 
245 0 0 |a Aneka amalan manfaat selepas mati   |c alihbahasa dan tambahan Abdullah Al-Qari Haji Salleh 
260 |a Kuala Lumpur :   |b Dinie Publisher ,   |c 1994 
300 |a 141p. ;   |c 21cm. 
650 0 0 |a Eschatology, Islamic 
700 0 |a Abdullah Al-Qari bin Haji Salleh 
999 |a 043738   |b BUKU   |c PINJAMAN   |e PERPUSTAKAAN KOMUNITI PETALING JAYA 
999 |a 043739   |b BUKU   |c PINJAMAN   |e PERPUSTAKAAN KOMUNITI PETALING JAYA